Visualizzazione normale
Vista MARC
- Lolli Claudio
di Personal Name
Records bibliografici associati: 1
001 - CONTROL NUMBER
- control field: 4034
003 - CONTROL NUMBER IDENTIFIER
- control field: IT-RoPau
005 - DATE AND TIME OF LATEST TRANSACTION
- control field: 20131127150107.0
008 - FIXED-LENGTH DATA ELEMENTS
- fixed length control field: 131127|| aca||aabn | a|a d
040 ## - CATALOGING SOURCE
- Original cataloging agency: IT-RoPau
- Transcribing agency: IT-RoPau
100 ## - HEADING--PERSONAL NAME
- Personal name: Lolli Claudio
- Relator term: Autore testo e musica
- Miscellaneous information: Codice autore testo/musica SPICS: 10989
670 ## - SOURCE DATA FOUND
- Source citation: Work cat.: (IT-RoPau)101752: Lolli Claudio 4031, Extranei (Lp 3C 064 18482)